00915nam a2200253 a 4500999001500000001000500015003000900020005001700029008004100046020001500087040003300102082001900135100002600154245012900180250001200309260005100321300004400372650003600416650002800452700002600480700002600506942001200532952011700544 c5887d58871701BD-DhUAP20201222115350.0201221s1981 nyua b 001 0 eng d a0538062703 aDLCcDLCdDLCdBD-DhUAPbeng00a658.15 SER223 aSerraino, William J.  aFrontiers of financial management : bselected readings /cWilliam J. Serraino, Surendra S. Singhvi and Robert M. Soldofsky. a3rd ed. aCincinnati : bSouth-Western Pub. Co.,cc1981. ax, 470 pages :billustrations ;c23 cm. aBusiness enterprisesvFinance.  aCorporations vFinance. aSinghvi, Surendra S.  aSoldofsky, Robert M. 002ddccBK 00102ddc4070aUAPCLbUAPCLcGeneral Stacksd2020-12-22o658.15 SERp3010001701r2020-12-22t1w2020-12-22yBK